| 000 | 00594cam a2200193Ii 4500 | ||
|---|---|---|---|
| 020 | _a9789251079270 | ||
| 020 | _a9251079277 | ||
| 040 | _cBTCTA | ||
| 082 | 0 | 4 | _a636 FOO 2013 A090 Or. |
| 245 | 0 | 0 |
_aWorld livestock 2013 : _bchanging disease landscapes |
| 300 |
_axiii, 111 pages : _bcolor illustrations, color maps ; _c26 cm |
||
| 650 | 0 | _aLivestock | |
| 650 | 0 | _aFood of animal origin | |
| 650 | 0 | _aFood security | |
| 650 | 0 | _aFood supply | |
| 710 | 2 | _aFood and Agriculture Organization of the United Nations, | |
| 856 | 4 | 0 | _uhttp://www.fao.org/docrep/019/i3440e/i3440e.pdf |
| 942 | _cEK | ||
| 999 |
_c15864 _d15864 |
||